|
|
|
|
| LEADER |
01007nab a2200265 i 4500 |
| 001 |
tort738 |
| 005 |
20230824074839.0 |
| 008 |
230824s2023 hu o 0|| zxx d |
| 040 |
|
|
|a PEREPO TORTENET
|b hun
|
| 041 |
|
|
|a zxx
|
| 100 |
1 |
|
|a Antal Lívia
|
| 245 |
1 |
2 |
|a A hallgatók sportéletének színesítése a cél
|h [elektronikus dokumentum] /
|c Lívia Antal
|
| 260 |
|
|
|c 2023-08-23
|
| 490 |
0 |
|
|a Zala Média
|
| 695 |
|
|
|a Pannon Egyetem Zalaegerszegi Egyetemi Központ - PE ZEK
|
| 695 |
|
|
|a Palányi Ildikó dr.
|
| 695 |
|
|
|a Bella Dániel
|
| 695 |
|
|
|a sport
|
| 695 |
|
|
|a Németh Gábor
|
| 695 |
|
|
|a Jóna István
|
| 695 |
|
|
|a Bóbics László
|
| 695 |
|
|
|a Zala Egyetemi Sportegyesület - ZESE
|
| 695 |
|
|
|a Skoda Gergő (hallgató)
|
| 695 |
|
|
|a Magyar Egyetemi-Főiskolai Sportszövetség - MEFS
|
| 856 |
4 |
0 |
|u https://perepo-tortenet.uni-pannon.hu/id/eprint/738/1/2023-08-23_zala_m%C3%A9dia_A%20hallgat%C3%B3k%20sport%C3%A9let%C3%A9nek%20sz%C3%ADnes%C3%ADt%C3%A9se%20a%20c%C3%A9l.pdf
|z Dokumentum-elérés
|